All things wise and wonderful / (Record no. 1305)

000 -LEADER
fixed length control field 01177nam a22003377a 4500
001 - CONTROL NUMBER
control field 3667681
003 - CONTROL NUMBER IDENTIFIER
control field OSt
005 - DATE AND TIME OF LATEST TRANSACTION
control field 20210426095647.0
008 - FIXED-LENGTH DATA ELEMENTS--GENERAL INFORMATION
fixed length control field 770511s1977 nyu 000 0aeng
010 ## - LIBRARY OF CONGRESS CONTROL NUMBER
LC control number 77076640
020 ## - INTERNATIONAL STANDARD BOOK NUMBER
International Standard Book Number 0312020317
040 ## - CATALOGING SOURCE
Original cataloging agency DLC
Transcribing agency DLC
Modifying agency DLC
Language of cataloging eng
041 ## - LANGUAGE CODE
Language code of text/sound track or separate title eng
043 ## - GEOGRAPHIC AREA CODE
Geographic area code e-uk-en
050 00 - LIBRARY OF CONGRESS CALL NUMBER
Classification number SF613.H44
Item number A285
080 ## - UNIVERSAL DECIMAL CLASSIFICATION NUMBER
Universal Decimal Classification number 821.111
Item number H-58
082 00 - DEWEY DECIMAL CLASSIFICATION NUMBER
Classification number 636.089/092/4
-- B
100 1# - MAIN ENTRY--PERSONAL NAME
Personal name Herriot, James.
245 10 - TITLE STATEMENT
Title All things wise and wonderful /
Statement of responsibility, etc. : The Warm and Joyful Sequel to all Things Bright and Beautiful
Remainder of title / by: St. Martin's Press
260 ## - PUBLICATION, DISTRIBUTION, ETC.
Place of publication, distribution, etc. New York :
Name of publisher, distributor, etc. St. Martin's Press
Date of publication, distribution, etc. c1977.
300 ## - PHYSICAL DESCRIPTION
Extent 432 p.
Dimensions 22 cm.
365 ## - TRADE PRICE
Price amount 10 usd
600 10 - SUBJECT ADDED ENTRY--PERSONAL NAME
Personal name Herriot, James.
650 #0 - SUBJECT ADDED ENTRY--TOPICAL TERM
Topical term or geographic name entry element Veterinarians
Geographic subdivision England
-- Yorkshire
General subdivision Biography.
650 #0 - SUBJECT ADDED ENTRY--TOPICAL TERM
Topical term or geographic name entry element English literature
9 (RLIN) 247
653 ## - INDEX TERM--UNCONTROLLED
Uncontrolled term ინგლისური ლიტერატურა
856 42 - ELECTRONIC LOCATION AND ACCESS
Materials specified Contributor biographical information
Uniform Resource Identifier <a href="http://www.loc.gov/catdir/bios/hol054/77076640.html">http://www.loc.gov/catdir/bios/hol054/77076640.html</a>
856 42 - ELECTRONIC LOCATION AND ACCESS
Materials specified Publisher description
Uniform Resource Identifier <a href="http://www.loc.gov/catdir/description/hol042/77076640.html">http://www.loc.gov/catdir/description/hol042/77076640.html</a>
906 ## - LOCAL DATA ELEMENT F, LDF (RLIN)
a 7
b cbc
c orignew
d 1
e opcn
f 19
g y-gencatlg
942 ## - ADDED ENTRY ELEMENTS (KOHA)
Source of classification or shelving scheme
Koha item type Books
Holdings
Withdrawn status Lost status Source of classification or shelving scheme Damaged status Not for loan Permanent location Current location Date acquired Inventory number Total Checkouts Full call number Barcode Date last seen Price effective from Koha item type
          Ken Walker International University Ken Walker International University 02/10/2021 1339   821.111 H-58 1339 02/10/2021 02/10/2021 Books

Powered by Koha